| 000 | 00611nam a2200217 4500 | ||
|---|---|---|---|
| 001 | 3593010 | ||
| 003 | PILC | ||
| 005 | 20150518094851.0 | ||
| 008 | 680301s1968 nyu 000 0 eng | ||
| 010 | _a 68011400 | ||
| 040 |
_aDLC _cDLC _dDLC |
||
| 050 | 0 | 0 |
_aHQ 734 _b.Sh541 1978 |
| 082 | 0 | 0 | _a301.42/6 |
| 100 | 1 | _aShedd, Charlie W. | |
| 245 | 1 | 0 |
_aLetters to Philip: _bon how to treat a woman / _cCharlie W. Shedd. |
| 260 |
_aNew York : _bJove Books, _c1978. |
||
| 300 |
_axii, 128 pages ; _c18 cm. |
||
| 650 | 0 | _aMarriage. | |
| 906 |
_a7 _bcbc _corignew _du _encip _f19 _gy-gencatlg |
||
| 942 |
_2lcc _cBK _kFOR |
||
| 999 |
_c284006 _d284006 |
||